| 000 | 00402nam a2200169Ia 4500 | ||
|---|---|---|---|
| 001 | 28497 | ||
| 003 | IN-NITTTR | ||
| 005 | 20251114233352.0 | ||
| 008 | 251113s9999||||xx |||||||||||||| ||eng|| | ||
| 040 | _beng | ||
| 040 | _cIN-NITTTR | ||
| 041 | _aeng | ||
| 082 | _a338.04 N153U | ||
| 100 | _aNandan, Raghu | ||
| 245 | 0 |
_aUnleashing your entrepreneurial potential / _cNandan, Raghu |
|
| 942 |
_2ddc _cBK |
||
| 999 |
_c31125 _d31125 |
||